00537 2200193 4500001002100000005001700021008004100038020001800079035002500097090001700122100001800139245006000157250001100217260002700228300002200255650003900277850001200316990001500328YOGYA-0209000006663120150429093457.0 ind  a979-404-279-X a0010-020900000066631 a801.95 Est K aESTEN, Mursal aKesusasteraan pengantar teori dan sejarahcMursal Esten aCet. 4 aBandungbAngkasac1990 a62 hlm. ;c21 cm. aKesusasteraan - Sejarah dan kritik aYOPDYOG a34504-P/93